Synthesis of inorganic materials (Record no. 1603)
[ view plain ]
| 000 -LEADER | |
|---|---|
| fixed length control field | 00646nam a22002297a 4500 |
| 003 - CONTROL NUMBER IDENTIFIER | |
| control field | OSt |
| 005 - DATE AND TIME OF LATEST TRANSACTION | |
| control field | 20150428125033.0 |
| 008 - FIXED-LENGTH DATA ELEMENTS--GENERAL INFORMATION | |
| fixed length control field | 150428b xxu||||| |||| 00| 0 eng d |
| 020 ## - INTERNATIONAL STANDARD BOOK NUMBER | |
| International Standard Book Number | 9783527310371 |
| 040 ## - CATALOGING SOURCE | |
| Transcribing agency | DDC |
| 082 ## - DEWEY DECIMAL CLASSIFICATION NUMBER | |
| Edition number | 22nd ed. |
| Classification number | 546 SCH 2005 |
| 100 ## - MAIN ENTRY--PERSONAL NAME | |
| Personal name | Schubert, Ulrich |
| 9 (RLIN) | 4229 |
| 245 ## - TITLE STATEMENT | |
| Title | Synthesis of inorganic materials |
| 250 ## - EDITION STATEMENT | |
| Edition statement | 2nd,Rev.& updated ed. |
| 260 ## - PUBLICATION, DISTRIBUTION, ETC. (IMPRINT) | |
| Place of publication, distribution, etc. | Austria; |
| Name of publisher, distributor, etc. | Wiley, |
| Date of publication, distribution, etc. | 2005 |
| 300 ## - PHYSICAL DESCRIPTION | |
| Extent | xx, 409p; |
| Other physical details | ill: |
| Dimensions | 24cm |
| 504 ## - BIBLIOGRAPHY, ETC. NOTE | |
| Bibliography, etc | References, glossary & index included |
| 650 ## - SUBJECT ADDED ENTRY--TOPICAL TERM | |
| Topical term or geographic name as entry element | Inorganic Chemistry |
| 9 (RLIN) | 799 |
| 650 ## - SUBJECT ADDED ENTRY--TOPICAL TERM | |
| Topical term or geographic name as entry element | Inorganic synthesis |
| 9 (RLIN) | 4230 |
| 700 ## - ADDED ENTRY--PERSONAL NAME | |
| Personal name | Husing, Nicola |
| 9 (RLIN) | 4231 |
| 942 ## - ADDED ENTRY ELEMENTS (KOHA) | |
| Source of classification or shelving scheme | Dewey Decimal Classification |
| Koha item type | Open Shelf |
| Withdrawn status | Lost status | Source of classification or shelving scheme | Damaged status | Not for loan | Home library | Current library | Date acquired | Source of acquisition | Inventory number | Total Checkouts | Full call number | Barcode | Date last seen | Koha item type | Price effective from |
|---|---|---|---|---|---|---|---|---|---|---|---|---|---|---|---|
| Dewey Decimal Classification | MUST Main Library | MUST Main Library | 28/04/2015 | 12/35894 | 546 SCH 2005 | 2015-1182 | 28/04/2015 | Open Shelf | |||||||
| Dewey Decimal Classification | MUST Main Library | MUST Main Library | 28/04/2015 | 12/35893 | 546 SCH 2005 | 2015-1183 | 28/04/2015 | Open Shelf | |||||||
| Dewey Decimal Classification | MUST Main Library | MUST Main Library | 28/04/2015 | 12/35892 | 546 SCH 2005 | 2015-1184 | 28/04/2015 | Open Shelf | |||||||
| Dewey Decimal Classification | MUST Main Library | MUST Main Library | 28/04/2015 | 12/35891 | 546 SCH 2005 | 2015-1185 | 28/04/2015 | Open Shelf | |||||||
| Dewey Decimal Classification | MUST Main Library | MUST Main Library | 28/04/2015 | 12/36810 | 546 SCH 2005 | 2015-1186 | 28/04/2015 | Open Shelf | |||||||
| Dewey Decimal Classification | MUST Main Library | MUST Main Library | 19/10/2016 | 12/35895 | 546 SCH 2005 | 2016-4844 | 19/10/2016 | Open Shelf | 19/10/2016 | ||||||
| Dewey Decimal Classification | MUST Main Library | MUST Main Library | 08/09/2021 | Purchase | 12/3611 | 546 SCH 2005 | 2021-0944 | 08/09/2021 | Open Shelf | 08/09/2021 |
